| 000 | 01135cam a22002054a 4500 | ||
|---|---|---|---|
| 005 | 20250605164327.0 | ||
| 008 | 250528s ||||||||||||||||||||||||d | ||
| 035 | _a23094 | ||
| 020 | _a273705083 | ||
| 040 |
_aGR-AtMCL _bgre _dGR-AtMCL _eAACR2 |
||
| 245 | 1 | _aEssentials of Corporate Financial Management | |
| 250 | _a1st | ||
| 260 |
_bFt Prentice Hall, _c2007 |
||
| 300 | _a516 | ||
| 520 | _aThe book is primarily aimed at undergraduate students studying finance as part of business relate degree, MBA students and other studying finance at business schools. It also provides the foundations elements needed by students going on to study more advanced finance. Preface, Acknowledgements, The Financial World, Project Appraisal: Net Present Value and Internal Rate of Return, Practical Project Appraisal, Risk and Project Appraisal, Portfolio There and the Capital Asset Pricing Model, Equity Capital, Debt Finance, The Cost of Capital, Value Based Management, Capital Structure, Dividend Policy, Appendices, Glossary, Bibliography, Index. | ||
| 700 | 1 |
_aArnold Glen _93852 |
|
| 942 | _cBK | ||
| 999 |
_c8124 _d8124 |
||